Applied welding engineering : Processes, code, and standards
The book’s four part treatment starts with a clear and rigorous exposition of the science of metallurgy including but not limited to: Alloys, Physical Metallurgy, Structure of Materials, Non-Ferrous Materials, Mechanical Properties and Testing of Metals and Heal Treatment of Steels. This is followed...
Αποθηκεύτηκε σε:
| Κύριος συγγραφέας: | |
|---|---|
| Μορφή: | Βιβλίο |
| Γλώσσα: | Undetermined |
| Έκδοση: |
Amsterdam
Butterworth-Heinemann
2016
|
| Θέματα: | |
| Ετικέτες: |
Προσθήκη ετικέτας
Δεν υπάρχουν, Καταχωρήστε ετικέτα πρώτοι!
|
| Thư viện lưu trữ: | Trung tâm Học liệu Trường Đại học Cần Thơ |
|---|
| LEADER | 00996nam a2200217Ia 4500 | ||
|---|---|---|---|
| 001 | CTU_207248 | ||
| 008 | 210402s9999 xx 000 0 und d | ||
| 020 | |c 3289000 | ||
| 082 | |a 671.52 | ||
| 082 | |b S617 | ||
| 100 | |a Singh, Ramesh | ||
| 245 | 0 | |a Applied welding engineering : | |
| 245 | 0 | |b Processes, code, and standards | |
| 245 | 0 | |c Ramesh Singh | |
| 260 | |a Amsterdam | ||
| 260 | |b Butterworth-Heinemann | ||
| 260 | |c 2016 | ||
| 520 | |a The book’s four part treatment starts with a clear and rigorous exposition of the science of metallurgy including but not limited to: Alloys, Physical Metallurgy, Structure of Materials, Non-Ferrous Materials, Mechanical Properties and Testing of Metals and Heal Treatment of Steels. This is followed by applications: Welding Metallurgy & Welding Processes, Nondestructive Testing, and Codes and Standards. | ||
| 650 | |a Luyện kim,Hàn,Welding,Metallurgy | ||
| 904 | |i Tuyến | ||
| 980 | |a Trung tâm Học liệu Trường Đại học Cần Thơ | ||